Pola figur - Statystyki

Ogólne statystyki
  • Ten quiz został rozwiązany 36 razy
  • Średni wynik to 5 z 6
Statystyki odpowiedzi
Figura Wzór % Poprawnych
Kwadrat a*a
100%
Prostokąt a*b
100%
Trójkąt a*h:2
82%
Równoległobok a*h
68%
Romb e*f, a*h
68%
Trapez (a+b)*h:2
61%
Nie znaleziono quizów pasujących do podanych kryteriów
Rozkład punktacji
Procent ludzi z każdym wynikiem
Percentyl według liczby udzielonych odpowiedzi
Twoja historia wyników
Nie rozwiązałeś tego quizu